| Tag |
First Indicator |
Second Indicator |
Subfields |
| LEADER |
00000cas a2200000 i 4500 |
| 001 |
in00003529639 |
| 005 |
20150911111049.0 |
| 006 |
m o d |
| 007 |
cr ||||||||||| |
| 008 |
150731c20079999enkqx poo g 0 0eng c |
| 010 |
|
|
|a 2014250557
|
| 035 |
|
|
|a (OCoLC)ocn264797404
|
| 040 |
|
|
|a OCLCS
|b eng
|e rda
|e pn
|c OCLCS
|d OCLCS
|d OCLCQ
|d CGU
|d UCO
|d OCLCQ
|d OCLCF
|d BUF
|d WCL
|d HEBIS
|d OCLCQ
|d TXA
|
| 016 |
7 |
|
|a 2454667-7
|2 DE-600
|
| 019 |
|
|
|a 232360723
|a 456202782
|
| 022 |
|
|
|a 1752-1459
|l 1752-1440
|y 1752-1440
|
| 029 |
0 |
|
|a OCLCS
|b OP-60102
|
| 029 |
1 |
|
|a AU@
|b 000050319410
|
| 029 |
1 |
|
|a HEBIS
|b 204692997
|
| 029 |
1 |
|
|a NZ1
|b 13432068
|
| 029 |
1 |
|
|a NZ1
|b 15403452
|
| 029 |
1 |
|
|a CHVBK
|b 333232348
|
| 029 |
1 |
|
|a CHDSB
|b 006374266
|
| 035 |
|
|
|a (OCoLC)264797404
|z (OCoLC)232360723
|z (OCoLC)456202782
|
| 037 |
|
|
|b Hart Publishing Ltd., 16c Worchester Pl, Oxford, OX1 2JW United Kingdom
|
| 042 |
|
|
|a pcc
|
| 043 |
|
|
|a e-uk-en
|
| 050 |
1 |
4 |
|a KD2094.A13
|b L39 Electronic
|
| 049 |
|
|
|a TXAM
|
| 245 |
0 |
0 |
|a Law and financial markets review /
|c Law and Financial Markets Project.
|
| 246 |
1 |
|
|a LFMR
|
| 264 |
|
1 |
|3 2007- :
|a Oxford :
|b Hart Publishing
|
| 264 |
3 |
1 |
|3 2015- :
|a [Abingdon, Oxford, UK] :
|b Routledge, Taylor & Francis Group
|
| 310 |
|
|
|a Four issues a year,
|b 2014-
|
| 321 |
|
|
|a Bimonthly,
|b 2007-2013
|
| 336 |
|
|
|a text
|b txt
|2 rdacontent
|
| 337 |
|
|
|a computer
|b c
|2 rdamedia
|
| 338 |
|
|
|a online resource
|b cr
|2 rdacarrier
|
| 362 |
1 |
|
|a Print began with: Vol. 1, issue 1 (January 2007).
|
| 588 |
|
|
|a Description based on: Vol. 1, issue 1 (January 2007); title from PDF article running title (Taylor & Francis, viewed September 11, 2015).
|
| 588 |
|
|
|a Latest issue consulted: Vol. 9, no. 2 (2015) (Taylor & Francis, viewed September 11, 2015).
|
| 650 |
|
0 |
|a Corporations
|x Finance
|x Law and legislation
|z England
|v Periodicals.
|
| 650 |
|
7 |
|a Corporations
|x Finance
|x Law and legislation.
|2 fast
|0 (OCoLC)fst00879854
|
| 651 |
|
7 |
|a England.
|2 fast
|0 (OCoLC)fst01219920
|
| 655 |
|
7 |
|a Periodicals.
|2 fast
|0 (OCoLC)fst01411641
|
| 710 |
2 |
|
|a London School of Economics and Political Science.
|b Law and Financial Markets Project.
|
| 776 |
0 |
8 |
|i Print version:
|t Law and financial markets review
|x 1752-1440
|w (OCoLC)84151905
|
| 948 |
|
|
|a cataloged
|b h
|c 2015/9/11
|d c
|e spoltoratski
|f 11:10:41 am
|g sc from provisional
|
| 994 |
|
|
|a C0
|b TXA
|
| 999 |
f |
f |
|s 50fe741f-0359-324d-b405-2c03d1ea89c5
|i a30525b4-7edf-38be-948c-74ddf2dc5e20
|t 0
|
| 952 |
f |
f |
|a Texas A&M University
|b College Station
|c Electronic Resources
|d Available Online
|t 0
|e KD2094.A13 L39
|g Electronic
|h Library of Congress classification
|
| 998 |
f |
f |
|a KD2094.A13 L39
|t 0
|l Available Online
|